Latgales latviešu valoda Letonikas pētījumos

Titel: Latgales latviešu valoda Letonikas pētījumos
Verfasser:
In: Latvijas Zinātņu Akadēmija: Latvijas Zinātnu Akadēmijas vēstis. A daļa, Sociālās un humanitārās zinātnes, Band 59, Heft 3 (2005), Seite 14-20
alle Artikel anzeigen
Veröffentlicht: 2005
Format: Aufsatz
Sprache: Lettisch
Schlagworte:
Kein Bild verfügbar
X
alg: 39212549
001A    $01999:11-11-16 
001B    $03025:03-03-26 $t13:41:32.000 
001C    $06050:19-11-16 $t09:36:02.000 
001D    $01999:11-11-16 
001U    $0utf8 
001X    $00 
002@    $0Aox 
003@    $0392125498 
007A    $0392125498 $aHEB 
007T    $0Herd76510 
010@    $alav 
011@    $a2005 
021A    $aLatgales latviešu valoda Letonikas pētījumos 
028A    $aStafecka $dAnna 
031A    $d59 $e3 $h14-20 $j2005 
037A    $aengl. Res. 20: Latvian language of Latgale in the Latvian Studies 
039B    $aIn $8--Abvc--Latvijas Zinātņu Akadēmija [Tb1]. Latvijas Zinātnu Akadēmijas vēstis. A daļa, Sociālās un humanitārās zinātnes. - Rīgā, 1992-. - ISSN 0868-6556 $x200500000590003986 $9048608599 
044K    $#Latgale $#Lattgale $#Latgalija $74223781-6 $8Lettgallen [Tg1] $9086159291 
045F    $a800 $eDDC23BSB 
045F/01 $a800 
045F/03 $g4796 
045T    $a24 $a7,44 

lok: 39212549 78

exp: 39212549 78 1 #EPN
201B/01 $019-04-17 $t11:01:54.000 
201U/01 $0utf8 
203@/01 $078822154X 
208@/01 $a11-11-16 $be 
209A/01 $a/ $f000 $x00 
220C/01 $aTitelaufnehmer: kk 
244Z/01 $2Trx $#Latvija $#Lettland $#Łotwa $#Lotyšsko $8--Trx--Latvija $x01 $9391275879 
244Z/01 $2Trx $#Latgale $#Latgala $#Lettgallen $#Latgalia $#Latgale $#Łatgalia $#Latgalija $#Polnisch-Livland $8--Trx--Latgale $x02 $9391265105 
244Z/01 $2Trx $#letgalid $#latgaliai $#Lettigallians $#lett-gallok nép $#Letgalowie $#Letgalovia $#Latgalové $8--Trx--Lettgallen$gVolk $x03 $9391372289 
244Z/01 $2Trx $#murded ja dialektid $#tarmės $#Dialects $#nyelvjárások $#gwary i dialekty $#nárečia a dialekty $#nářečí a dialekty $#Dialekte $#dialekty $#gwary $#nárečia $#dialekty $#nářečí $#dialekty $8--Trx--Mundarten und Dialekte $x04 $9391362488 
244Z/01 $2Trx $#keel, läti $#kalba, latvių $#Language, Latvian $#nyelv, lett $#język łotewski $#jazyk lotyšský $#jazyk, lotyšský $8--Trx--Sprache, lettische $x05 $9391368966 
244Z/01 $2Trx $8--Trx--Zeitschriftenaufsatz $x06 $9391384341 
245Z/01 $a11.08 $x01 
247C/01 $82080>Marburg/Lahn, Herder-Institut, Forschungsbibliothek, Bibliographieportal $9336309341
LEADER 00000caa a22000002c 4500
001 392125498
003 DE-603
005 20260303134132.0
007 tu
008 161111s2005 xx |||| | u00||u|lav c
035 |a (DE-599)HEB392125498 
040 |a DE-603  |b ger  |c DE-603  |d DE-603 
041 |a lav 
082 0 4 |8 1\u  |a 800  |q DE-101  |2 23/BSB 
084 |a 24  |a 7,44  |2 ssgn 
085 |8 1\u  |b 800 
085 |8 1\u  |z 2  |s 4796 
100 1 |a Stafecka, Anna 
245 0 0 |a Latgales latviešu valoda Letonikas pētījumos 
264 0 |c 2005 
500 |a engl. Res. 20: Latvian language of Latgale in the Latvian Studies 
651 7 |a Lettgallen  |0 (DE-588)4223781-6  |0 (DE-603)086159291  |2 gnd 
773 0 8 |i In  |a Latvijas Zinātņu Akadēmija  |t Latvijas Zinātnu Akadēmijas vēstis. A daļa, Sociālās un humanitārās zinātnes  |d Rīgā, 1992-  |x 0868-6556  |g Band 59, Heft 3 (2005), Seite 14-20  |w (DE-603)048608599  |w (DE-600)1116654-X 
924 0 |9 2080  |a (DE-603)78822154X  |b DE-2080  |c HES  |d d  |g /